Statistics for Largest Economies In The World By Past Years

Click here to take the quiz!

General Stats

  • This quiz has been taken 57 times
  • The average score is 26 of 28

Answer Stats

HintAnswer% Correct
2010United States
100%
1980United States
100%
1890United States
100%
1500China
96%
2010China
96%
1700China
96%
1820China
96%
1890China
96%
1890United Kingdom
96%
1820United Kingdom
96%
1980France
94%
1820France
94%
1500France
94%
1700France
94%
1500Germany
94%
1980Germany
94%
2010Germany
94%
1500India
92%
1890India
92%
1820India
92%
1700India
92%
2010India
92%
1890Japan
92%
1980Japan
92%
2010Japan
92%
1500Italy
80%
1980Italy
80%
1980BONUS:During this period ,China and India are out of list.Can you position of either of them.{8 of India and 10 of China}
34%

Score Distribution

Percentile by Number Answered

Percent of People with Each Score

Your Score History

You have not taken this quiz